Statistics for Fc Barcelona players with most appearances

Click here to take the quiz!

General Stats

  • This quiz has been taken 191 times
  • The average score is 10 of 20

Answer Stats

HintAnswer% Correct
750Lionel Messi
99%
674Andres Iniesta
98%
767Xavi
97%
553Gerard Piqué
89%
593Carles Puyol
88%
598Sergio Busquets
86%
355Jordi Alba`
79%
536Víctor Valdés
75%
391Dani Alves
64%
321Pedro
47%
378Pep Guardiola
42%
310Ivan Rakitic
32%
334Javier Mascherano
31%
385Andoni Zubizarreta
21%
300Luis Enrique
20%
408Guillermo Amor
7%
361Migueli
7%
339José Mari Bakero
5%
382Sergi Barjuán
5%
310José Ramón Alexanko
1%

Score Distribution

Percentile by Number Answered

Percent of People with Each Score

Your Score History

You have not taken this quiz